Sudden Death - Nachbarländer Usbekistans - Statistiken

Allgemein
  • Dieses Quiz wurde 35 mal gespielt
  • Das Durchschnittsergebnis liegt bei 4 aus 6
Answers on the Grid
Answers color-coded by a green-red scale on the quiz's grid according to % correct below.
Usbekistan🇺🇿
Kasachstan🇰🇿
Turkmenistan🇹🇲
Tadschikistan🇹🇯
Afghanistan🇦🇫
Kirgisistan🇰🇬
Iran🇮🇷
Russland🇷🇺
Aserbaidschan🇦🇿
Armenien🇦🇲
Georgien🇬🇪
Türkei🇹🇷
Pakistan🇵🇰
Mongolei🇲🇳
Irak🇮🇶
Syrien🇸🇾
Israel🇮🇱
Jordanien🇯🇴
Indien🇮🇳
Nepal🇳🇵
 
Antwortstatistiken
Antwort % Korrekt
Kasachstan🇰🇿
77%
Kirgisistan🇰🇬
69%
Usbekistan🇺🇿
69%
Afghanistan🇦🇫
65%
Tadschikistan🇹🇯
65%
Turkmenistan🇹🇲
58%
Keine übereinstimmenden Quizze gefunden
Verteilung der Resultate
Anzahl Personen mit jedem Resultat
Perzentil nach korrekt beantworteten Fragen
Ihre Resultats-Entwicklung
Sie haben dieses Quiz noch nicht gespielt